01610nam a22002537a 4500003001000000005001700010008004100027015001200068020002200080040003400102080002000136100004500156245006300201250001100264260003800275300002100313490003100334504003400365505046000399520036300859651005901222651005601281655001901337AR-RoUNCS20260209160849.0150408s2015 ag a gr 001 e spa  aAR-2015 a978-987-629-511-6 aAR-BaBNbspacAR-RoUNCSeaacr1 a82-4(899)220161 aGaleano, Eduardo,d1940-2015eautor4aut14aLas venas abiertas de América Latina /cEduardo Galeano. a2a ed. aBuenos Aires :bSiglo XXI,c2015. a384 p. ;c21 cm.0 aBiblioteca Eduardo Galeano aBibliografía: p. [315]-346.00aIntroducción. Ciento veinte millones de niños en el centro de la tormenta -- pte. 1: La pobreza del hombre como resultado de la riqueza de la tierra. Fiebre del oro, fiebre de la plata. El rey azúcar y otros monarcas agrícolas. Las fuentes subterráneas del poder -- pte. 2: El desarrollo es un viaje con mas náufragos que navegantes. Historia de la muerte temprana. La estructura contemporánea del despojo -- Siete años después -- Notas. aLas venas abiertas de América Latina (1971), de Eduardo Galeano, es un análisis histórico sobre el saqueo de recursos naturales y la explotación humana en Latinoamérica por potencias extranjeras (Europa y EE. UU.) desde la conquista hasta el siglo XX. La obra denuncia cómo el subdesarrollo regional es consecuencia directa del desarrollo ajeno.  7aAmérica LatinaxSituación social ySiglo XX2embne 7aAmérica LatinaxSituación económicaySiglo XX 7aEnsayos2embne